000 00297nam a2200097Ia 4500
008 220204s9999 xx 000 0 und d
082 _a339.562
_bIMP;6
245 0 _aImport trade control handbook of rules and procedure 1968-70, 1972-75, 1964-67
260 _aIndia
_bMinistry of commerce
942 _cBK
999 _c20711
_d20711